Catálogo

La familia Urtiaga Salazar : (Registro nro. 26417)

Detalles MARC
000 -LEADER
fixed length control field 01486cam a2200361 i 4500
001 - CONTROL NUMBER
control field 26417
003 - CONTROL NUMBER IDENTIFIER
control field Mx-PuUPA
005 - DATE AND TIME OF LATEST TRANSACTION
control field 20250507112213.0
008 - FIXED-LENGTH DATA ELEMENTS--GENERAL INFORMATION
fixed length control field 140415s2024 mx a gr 001 0 spa d
040 ## - CATALOGING SOURCE
Original cataloging agency Mx-PuUPA
Language of cataloging spa
Transcribing agency Mx-PuUPA
Modifying agency Mx-PuUPA
Description conventions rda
041 0# - LANGUAGE CODE
Language code of text/sound track or separate title spa
043 ## - GEOGRAPHIC AREA CODE
Source of local code mx-mxbn
Local GAC code n-mx-qu
043 ## - GEOGRAPHIC AREA CODE
Geographic area code e-sp---
100 1# - MAIN ENTRY--PERSONAL NAME
Personal name Olvera Miranda, Raúl Iván,
Relator term autor
9 (RLIN) 17010
245 10 - TITLE STATEMENT
Title La familia Urtiaga Salazar :
Remainder of title hacendados y benefactores de San Francisco Galileo /
Statement of responsibility, etc. Raúl Iván Olvera Miranda ; edición al cuidado de la Cronista Municipal de Corregidora, Dulce Ma. Ardón Martínez
250 ## - EDITION STATEMENT
Edition statement Primera edición
264 #1 - PRODUCTION, PUBLICATION, DISTRIBUTION, MANUFACTURE, AND COPYRIGHT NOTICE
Place of production, publication, distribution, manufacture Querétaro, Qro. :
Name of producer, publisher, distributor, manufacturer Municipio de Corregidora,
Date of production, publication, distribution, manufacture, or copyright notice 2024
300 ## - PHYSICAL DESCRIPTION
Extent 199 páginas :
Other physical details ilustraciones ;
Dimensions 22 cm
336 ## - CONTENT TYPE
Fuente rdacontent
Content type term texto
Content type code txt
337 ## - MEDIA TYPE
Source rdamedia
Media type term sin medio
Media type code n
338 ## - CARRIER TYPE
Source rdacarrier
Carrier type term volumen
Carrier type code nc
650 #7 - SUBJECT ADDED ENTRY--TOPICAL TERM
Source of heading or term armarc
Topical term or geographic name entry element Familia Urtiaga Salazar
Geographic subdivision España
General subdivision Historia
650 #7 - SUBJECT ADDED ENTRY--TOPICAL TERM
Source of heading or term armarc
Topical term or geographic name entry element Familia de descendencia real
Geographic subdivision España
General subdivision Historia
650 #7 - SUBJECT ADDED ENTRY--TOPICAL TERM
Source of heading or term armarc
Topical term or geographic name entry element Familia Urtiaga Salazar
Geographic subdivision Querétaro
-- México
General subdivision Historia
650 #7 - SUBJECT ADDED ENTRY--TOPICAL TERM
Source of heading or term armarc
Topical term or geographic name entry element Genealogía
651 #4 - SUBJECT ADDED ENTRY--GEOGRAPHIC NAME
Geographic name Querétaro
General subdivision Condiciones sociales
651 #4 - SUBJECT ADDED ENTRY--GEOGRAPHIC NAME
Geographic name Querétaro
Form subdivision Historia
Chronological subdivision Siglos XVII y XVIII
700 1# - ADDED ENTRY--PERSONAL NAME
Personal name Ardón Martínez, Dulce María,
Relator term editor
942 ## - ADDED ENTRY ELEMENTS (KOHA)
Source of classification or shelving scheme Dewey Decimal Classification
Koha item type Libro
Classification part 929.20972
Item part O52
Existencias
Withdrawn status Lost status Source of classification or shelving scheme Damaged status Not for loan Collection code Home library Current library Shelving location Date acquired Source of acquisition Cost, normal purchase price Total Checkouts Full call number Barcode Date last seen Cost, replacement price Price effective from Koha item type
    Dewey Decimal Classification     General Biblioteca Karol Wojtyla Biblioteca Karol Wojtyla Sala general 12/03/2025 Donación 0.00   929.20972 O52 2024 49082 05/01/2026 0.00 03/12/2013 Libro